000 00928nam a2200253Ia 4500
003 GCL
008 140319s9999 xx 000 0 ara d
040 _aGCL /
_cGCL
082 0 4 _a150.1
_bا ك
100 1 _aابراهيم ناجى
245 1 0 _aكيف تفهم الناس: دراسات نفسية (هدية من الاديب عبدالفتاح الجمل) /
_cابراهيم ناجى
260 _a[S.N] :
_bمطبعة المكتب الثقافى الدولى
300 _a130 ص
490 _aالهيئة العامة للاستعلامات
_v0
650 0 4 _aعلم النفس
650 0 4 _aالمراهقة
650 0 4 _aعلم النفس العلاجى
650 0 4 _aعلم النفس التطبيقى
650 0 4 _aعلم النفس الجماعى
650 0 4 _aالاطفال - علم نفس
650 0 4 _aالسلوك (علم نفس)
650 0 4 _aعلم النفس - الصناعى
942 _2ddc
_cBK
999 _c52977
_d52977